Missa Pro Defunctis

Hlavní autor: Palestrina, Giovanni Pierluigi da, 1525-1594
Další autoři: Bäuerle, Hermann, 1869-1936
Jazyk: Latina
Vydáno: Leipzig : Breitkopf & Härtel, 1955
Edice: Breitkopf & Härtel's Partitur-Bibliothek
Fyzický popis: 18 s.
Hudebniny Hudebniny
Uloženo v:
LEADER 00957ncm a22002412a 4500
001 000420366
003 CZ BrMZK
005 20111017124353.0
007 qu
008 990305s1955 gw f lat d
040 |a BOA001  |b cze 
072 7 |a 783  |x Církevní hudba. Duchovní hudba. Náboženská hudba  |2 Konspekt  |9 9 
100 1 |a Palestrina, Giovanni Pierluigi da,  |d 1525-1594  |7 jn20000604332  |4 cmp 
245 1 0 |a Missa Pro Defunctis  |h [hudebnina] /  |c Giovanni Pierluigi da Palestrina ; kritisch-modernis. Aus. von Herman Bäuerle 
260 |a Leipzig :  |b Breitkopf & Härtel,  |c 1955 
300 |a 18 s. 
490 1 |a Breitkopf & Härtel's Partitur-Bibliothek ;  |v Nr. 2035 
700 1 |a Bäuerle, Hermann,  |d 1869-1936  |7 mzk2011634228  |4 edt 
830 0 |a Breitkopf & Härtel's Partitur-Bibliothek 
910 |a BOA001  |b Mus3-0452.707 
990 |a MU 
991 |b 201003 
996 6 |b 2619771341  |c Mus3-0452.707  |l MZK  |r Sklad / do 1 hodiny  |n 3  |w 000420366  |u 000010  |a 1  |e BOA001  |j MZK50  |s P